000 00704nam a2200253Ia 4500
003 OSt
005 20221006143103.0
006 a|||||r|||| 00| 0
007 ta
008 221006b |||||||| |||| 00| 0 eng d
020 _cP40.00
024 _a8,012
037 _cTextual
040 _aEASL
_cEASL
_beng
041 _2eng
_aeng
082 _aX.6540j42.N95, N6
100 _aMAHMUD Sakah Saidu
_9649128
245 0 _aState, class and underdevelopment in Nigeria and early Meiji Japan
260 _aLondon
_bMacmillian Press
_c1996
300 _a210p.
_ccm.
490 _v JEL
942 _hX.6540j42.N95, N6
_cTEXL
_2CC
999 _c1076098
_d1076098